| 000 | 00634nam a22001697a 4500 | ||
|---|---|---|---|
| 008 | 150331b xxu||||| |||| 00| 0 eng d | ||
| 020 | _a0897663551 | ||
| 050 | _aQC173.96.N532 | ||
| 100 |
_aGreenberger, Daniel M. (ed.) _916826 |
||
| 245 |
_aNew Techniques and ideas in quantum measurement theory _c/by Dniel M. Greenberger |
||
| 260 |
_aNew York _bThe New York academy of sciences _c1986 |
||
| 300 |
_axix,634p. ; _c23cm. |
||
| 440 |
_aAnnals of the New York academy of sciences _nvol. 480 _916827 |
||
| 650 |
_aQuantum theory _xCongresses _916828 |
||
| 650 |
_aPhysical measurements _xCongresses _916829 |
||
| 942 |
_2lcc _cMONOGRAPH |
||
| 999 |
_c122567 _d122567 |
||